Les 10 plus grandes puissances militaires au monde en 2023 - Statistiques

Statistiques générales
  • Ce quiz a été pris 1 080 fois
  • Le résultat moyen est 7 sur 10
Statistiques - réponses
Pays % Correct
États-Unis
96%
France
96%
Russie
94%
Chine
93%
Royaume-Uni
69%
Japon
68%
Inde
65%
Corée du Sud
46%
Pakistan
37%
Italie
35%
Aucun quiz correspondant
Distribution des résultats
% des personnes avec chaque résultat
Percentile par nombre de réponses
Votre historique - résultats
Vous n’avez pas pris ce quiz